[Event "Bullet Chess Winners 2024"]
[Site "chess.com INT"]
[Date "2024.06.10"]
[Round "2.21"]
[White "Nihal, Sarin"]
[Black "Tang, Andrew"]
[Result "1-0"]
[WhiteElo "2669"]
[BlackElo "2502"]
[PlyCount "157"]
[EventDate "2024.06.10"]
[EventType "k.o."]

1. Nf3 {Ftacnik,Lubomir} d5 2. g3 e6 3. Bg2 Nf6 4. O-O Be7 5. d4 O-O 6. c4 dxc4 7. Qc2 a6 8. Nbd2 b5 9. Ne5 ({RR} 9. Ng5 c6 10. b3 c3 ({RR} 10... h6 11. Ngf3 cxb3 12. Nxb3 a5 ({RR} 12... Nbd7 13. Qxc6 Rb8 14. Bd2 Bb7 15. Qc1 b4 16. Qb2 a5 17. Bf4 Rc8 18. Rac1 Qb6 19. Ne5 Bxg2 20. Nxd7 Nxd7 21. Kxg2 Qb5 22. e4 a4 23. Na1 Qd3 24. f3) ({RR} 12... Bb7 13. Ne5 Nfd7 14. Nd3 a5 15. a4 b4 16. e4) 13. Rd1 Nd5 ({RR} 13... Qb6 14. Ne5 Bb7 15. Nc5 Rc8 16. Bh3) 14. e4 Nb4 15. Qe2 Nd7 16. a3 Na6 17. d5 exd5 18. exd5 cxd5 19. Nfd4 Bb7 20. Qxb5 Nac5 21. Nxc5 Nxc5 22. Be3 Ba6 23. Qb1 Bc4 24. Nf5) ({RR} 10... cxb3 11. Nxb3 a5 12. Rd1 Bd7 13. Nc5 h6 14. Nf3 Be8 15. Bb2 Na6 16. Rac1 Qc8 17. Qb1 Nxc5 18. dxc5 Nd7 19. Ne5 Nxe5 20. Bxe5) 11. Nde4 ({RR} 11. Ndf3 h6 12. Nh3 Bb7 13. Qxc3 Nbd7 14. Bb2 c5 15. Rad1) 11... Nd5 ({RR} 11... Nxe4 12. Nxe4 Qxd4 13. Be3 Qd8 14. Rfd1 Qc7 15. Qxc3 Nd7 16. Ng5 Bxg5 17. Bxg5 Bb7 18. Be7 Rfe8 19. Bd6 Qc8 20. Rac1 c5 21. Bxb7 Qxb7 22. Bxc5 Rac8 23. Qd4 Nf6 24. b4) 12. Nf3 ({RR} 12. Nxh7 Nb4 13. Qxc3 Kxh7) 12... b4 13. a3 f5 14. Nc5 Bxc5 15. dxc5 a5 16. e4 ({RR} 16. axb4 Na6 17. bxa5 Nab4 18. Qd1 Rxa5) 16... fxe4 17. Qxe4 Qf6 18. axb4 ({RR} 18. Ng5 Qf5) 18... Nxb4 19. Ng5 g6 ({RR} 19... Qf5 20. Qh4 h6 21. Ne4 ({RR} 21. Be4 Qf6) 21... c2 22. Be3) 20. Qh4 h5 ({RR} 20... Ra7 21. Rxa5) ({RR} 20... Qg7 21. Ne4) 21. g4 c2 ({RR} 21... Qd4 22. Be4) 22. Be3 Ba6 23. gxh5 Bxf1 {Ehlvest,J (2615)-Short,N (2655) Riga 1995 CBM 047 [Ftacnik,Lubomir] 0-1 (35)}) ({RR} 9. a4 Bb7 10. axb5 axb5 11. Rxa8 Bxa8 12. e4 Nbd7 13. e5 Nd5 14. Ne4 c5 15. dxc5 Nxc5 16. Neg5 Nd3 17. b3 N5b4 18. Qb1 Bxg5 19. Bxg5 f6 20. exf6 gxf6 21. Bh6 Rf7 22. bxc4 bxc4 23. Bd2 Bxf3 {Silva,J (1956)-Amarasinghe,A (1899) chess.com INT 2025 0-1}) 9... Nd5 10. b3 c3 11. Ne4 $146 ({RR} 11. Ndf3 Bb7 12. a3 a5 13. e4 Nf6 14. Ng5 h6 15. Nexf7 Rxf7 16. Nxe6 Qd7 17. d5 c6 18. e5 Nxd5 19. Qg6 Nf6 20. Bh3 Qd5 21. Nf4 Qxe5 22. Be6 Qxe6 23. Nxe6 Nbd7 24. Re1 Nf8 25. Nxf8 Raxf8 {Bates,R (2315)-Bryson,D (2380) England 1997 1-0 (41)}) 11... b4 12. a3 Bb7 13. axb4 Bxb4 14. Nd3 a5 15. Ndc5 Bc6 16. Ng5 g6 17. e4 Nf6 18. Rd1 Nbd7 19. Nd3 Qe7 20. h4 e5 21. d5 Bb5 22. Be3 Ng4 23. Bc1 f5 24. Ne6 fxe4 25. Bxe4 Bxd3 26. Rxd3 Rxf2 27. Qd1 Ndf6 28. Bg5 Bc5 29. Rxc3 Rd2+ 30. Rxc5 Qxc5+ 31. Nxc5 Rxd1+ 32. Rxd1 Nxe4 33. Nxe4 a4 34. bxa4 Rxa4 35. d6 cxd6 36. Nxd6 h6 37. Bc1 Ra2 38. Ne4 Kf7 39. Rf1+ Ke6 40. Nf2 Nf6 41. Bxh6 Ra3 42. Kg2 Rb3 43. Bg5 Nd5 44. Ne4 Rb2+ 45. Rf2 Rb4 46. Nc5+ Kd6 47. Nd3 Rd4 48. Rd2 Ke6 49. Ne1 Rc4 50. Nf3 Nc3 51. Rc2 Kd5 52. Nd2 Rc6 53. Nf1 Kd4 54. Ne3 Kd3 55. Rc1 e4 56. Rc2 Ra6 57. Rf2 Ne2 58. Ng4 Ra2 59. Ne5+ Kd4 60. Nxg6 Kd3 61. Nf4+ Nxf4+ 62. Bxf4 Ra6 63. g4 Kd4 64. Kg3 e3 65. Re2 Ra3 66. Rxe3 Ra5 67. Rf3 Ra6 68. Be3+ Kd5 69. Bf2 Ke5 70. Be3 Ke4 71. Bf4 Kd5 72. Be3 Ke4 73. Rf4+ Kd5 74. Rf5+ Ke4 75. Rf3 Ra3 76. Rf6 Rxe3+ 77. Kg2 Rd3 78. Rf2 Rd2 79. Re2+ 1-0

[Event "Bullet Chess Winners 2024"]
[Site "chess.com INT"]
[Date "2024.06.11"]
[Round "3.1"]
[White "Nakamura, Hi"]
[Black "Nihal, Sarin"]
[Result "1-0"]
[WhiteElo "2794"]
[BlackElo "2669"]
[PlyCount "89"]
[EventDate "2024.06.10"]
[EventType "k.o."]

1. Nf3 d5 2. b3 Nf6 3. Bb2 c5 4. e3 Nc6 5. d4 cxd4 6. Nxd4 Qc7 ({RR} 6... e6 7. Nxc6 bxc6 8. Nd2 Bd6 9. c4 O-O 10. Be2 Re8 11. O-O e5 12. Qc2 Bg4 13. Bxg4 Nxg4 14. Rfd1 e4 15. Nf1 Qg5 16. cxd5 cxd5 17. h3 Ne5 18. Bxe5 Bxe5 19. Rac1 Rad8 20. Qe2 h5 21. Rc5 {Nakamura,H (2750)-Vachier Lagrave,M (2761) Chess.com INT 2022 1-0 (46)}) ({RR} 6... e6 7. Nd2 Be7 8. Bd3 O-O 9. O-O Nb4 10. Be2 e5 11. N4f3 e4 12. Nd4 Nc6 13. c4 Re8 14. cxd5 Nxd4 15. Bxd4 Qxd5 16. Bc4 Qg5 17. f4 exf3 18. Nxf3 Qh6 19. Ne5 Be6 20. Bxe6 fxe6 21. Qf3 {Meruga,S (1985)-Khumalo,K (2187) chess.com INT 2025 ½-½ (42)}) 7. Nxc6 $146 ({RR} 7. Nb5 Qd7 8. Nd2 a6 9. Nd4 e6 10. Be2 Bd6 11. N2f3 b5 12. O-O O-O 13. Nxc6 Qxc6 14. Bxf6 gxf6 15. Qd4 e5 16. Qh4 Bc5 17. c4 bxc4 18. bxc4 dxc4 19. Bxc4 Bf5 20. Rfe1 Bg6 21. Rac1 Qb6 {Safin Safarullakhan (1546)-Ferzli,M (1692) Dubai UAE 2023 1-0 (49)}) 7... bxc6 8. Nd2 e5 9. c4 Bd6 10. Qc2 d4 11. exd4 exd4 12. Bxd4 O-O 13. Be2 Re8 14. Be3 Bf4 15. Bxf4 Qxf4 16. Nf3 Bg4 17. O-O Rad8 18. Rfe1 h5 19. Rad1 Bf5 20. Qb2 Rxd1 21. Rxd1 h4 22. h3 Be4 23. Qd4 Qc7 24. Nxh4 Re7 25. Nf3 Rd7 26. Qe3 Re7 27. Qd2 Re8 28. Nd4 a6 29. Bf1 c5 30. Ne2 Bg6 31. Nc3 Qe5 32. Nd5 Nxd5 33. cxd5 Qd6 34. Re1 Rxe1 35. Qxe1 Qxd5 36. Bxa6 Qd4 37. Bc4 Qb2 38. a4 Bc2 39. Qe8+ Kh7 40. Qxf7 Bg6 41. Qg8+ Kh6 42. Qb8 Bc2 43. Qf4+ Kg6 44. Bf7+ Kh7 45. Qh4# 1-0

[Event "Bullet Chess Winners 2024"]
[Site "chess.com INT"]
[Date "2024.06.11"]
[Round "3.3"]
[White "Nakamura, Hi"]
[Black "Nihal, Sarin"]
[Result "1-0"]
[WhiteElo "2794"]
[BlackElo "2669"]
[PlyCount "39"]
[EventDate "2024.06.10"]
[EventType "k.o."]

1. Nf3 g6 2. b3 Bg7 3. d4 d6 ({RR} 3... c5 4. Bb2 Nc6 5. e3 cxd4 6. Nxd4 Qa5+ 7. Qd2 Qxd2+ 8. Nxd2 Nxd4 9. Bxd4 Bxd4 10. exd4 d5 11. O-O-O Nf6 12. Bb5+ Bd7 13. Bxd7+ Kxd7 14. Nf3 e6 15. Ne5+ Ke7 16. f3 h5 17. Kd2 Rac8 18. c4 {Simonian,H (2513)-Zvjaginsev,V (2635) St Petersburg 2009 ½-½ (50)}) 4. Bb2 Nc6 ({RR} 4... c5 5. e3 Nc6 6. Be2 Nh6 7. O-O Nf5 8. c3 O-O 9. e4 Nh6 10. d5 Ne5 11. Nxe5 dxe5 12. c4 b6 13. Nd2 e6 14. Nf3 f5 15. Nxe5 fxe4 16. Nc6 Qc7 17. Bxg7 Qxg7 18. d6 Nf5 19. Bg4 {Serban,C (2295)-Pozzari,S (2148) chess.com INT 2025 0-1 (55)}) 5. e3 Bg4 $146 ({RR} 5... e5 6. dxe5 Nge7 7. Na3 Bg4 8. Be2 Bxf3 9. gxf3 Nxe5 10. Nc4 O-O 11. Rb1 Nxc4 12. Bxc4 Bxb2 13. Rxb2 Qd7 14. h4 h5 15. c3 Qf5 16. Ke2 Rad8 17. Rb1 d5 18. Bd3 Qf6 19. Rc1 Rfe8 20. Qg1 {Martin Sommerfeldt,L (2028)-Engelbert,C (2190) Hamburg 2010 0-1 (51)}) 6. Be2 e5 7. dxe5 dxe5 8. Nbd2 Nge7 9. Nc4 Bxf3 10. Bxf3 O-O 11. O-O f5 12. e4 f4 13. Bg4 Nd4 14. c3 Ndc6 15. b4 Kh8 16. b5 Nb8 17. Qxd8 Rxd8 18. Rfd1 Rf8 19. Ba3 Re8 20. Bxe7 1-0

[Event "Bullet Chess Winners 2024"]
[Site "chess.com INT"]
[Date "2024.06.11"]
[Round "3.22"]
[White "Nihal, Sarin"]
[Black "Nakamura, Hi"]
[Result "1-0"]
[WhiteElo "2669"]
[BlackElo "2794"]
[PlyCount "73"]
[EventDate "2024.06.10"]
[EventType "k.o."]

1. Nf3 g6 2. g3 Bg7 3. Bg2 d6 4. O-O Bd7 5. d4 Qc8 6. Nc3 Bh3 7. Re1 Nc6 8. d5 Ne5 9. e4 $146 ({RR} 9. Bh1 h5 10. Ng5 h4 11. Nxh3 hxg3 12. Nf4 gxf2+ 13. Kxf2 Rxh2+ 14. Kg1 Rh4 15. e4 Nf6 16. Bg2 Qd7 17. Be3 Nfg4 18. Bd4 O-O-O 19. Qe2 Rdh8 20. Qb5 Nf3+ 21. Bxf3 Bxd4+ 22. Kf1 Nh2+ 23. Ke2 Rxf4 {Naroditsky,D (2619)-Nakamura,H (2794) chess.com INT 2024 0-1}) 9... Bxg2 10. Kxg2 h5 11. h4 Ng4 12. Bf4 N8f6 13. e5 dxe5 14. Nxe5 O-O 15. Nxg4 Nxg4 16. Rxe7 c6 17. d6 Bf6 18. d7 Qd8 19. Re2 Qa5 20. Ne4 Rad8 21. Qd6 Bg7 22. Bg5 f6 23. Bf4 Qd5 24. Qxd5+ cxd5 25. Nc5 b6 26. Bc7 bxc5 27. Bxd8 Ne5 28. Rxe5 fxe5 29. Be7 Bf6 30. Bxf6 Rxf6 31. d8=Q+ Rf8 32. Qxd5+ Kg7 33. Qxe5+ Kh7 34. Qxc5 Rf7 35. Re1 Kg7 36. Re7 Kf6 37. Qe5# 1-0

[Event "Bullet Chess Winners 2024"]
[Site "chess.com INT"]
[Date "2024.06.12"]
[Round "4.14"]
[White "Naroditsky, D."]
[Black "Nakamura, Hi"]
[Result "1-0"]
[WhiteElo "2619"]
[BlackElo "2794"]
[PlyCount "97"]
[EventDate "2024.06.10"]
[EventType "k.o."]

1. Nf3 g6 2. c4 Bg7 3. Nc3 d6 4. d4 Bd7 5. e4 Qc8 6. Be2 c5 7. Be3 $146 ({RR} 7. d5 Bg4 8. Be3 Nd7 9. Nd2 Bxe2 10. Qxe2 Ngf6 11. O-O O-O 12. f4 Re8 13. Rae1 e6 14. a4 a6 15. Qd3 exd5 16. cxd5 Qc7 17. e5 dxe5 18. f5 e4 19. Ndxe4 Nxe4 20. Nxe4 c4 21. Qc2 Qe5 {Naroditsky,D (2619)-Nakamura,H (2794) chess.com INT 2024 0-1 (42)}) 7... cxd4 8. Bxd4 Nf6 9. O-O Nc6 10. Be3 Ng4 11. Bd2 O-O 12. h3 Nf6 13. Be3 b6 14. Rc1 Qb7 15. Qd2 Rac8 16. Bh6 Ne5 17. Bxg7 Kxg7 18. b3 Nxe4 19. Nxe4 Qxe4 20. Rfe1 Bc6 21. Bd1 Qf5 22. Nd4 Qf6 23. f4 Nd7 24. Bg4 e6 25. Bxe6 fxe6 26. Nxe6+ Kg8 27. Nxf8 Rxf8 28. Rcd1 Nc5 29. Qxd6 Bb7 30. Qxf6 Rxf6 31. Re7 Rf7 32. Rxf7 Kxf7 33. b4 Na6 34. Rd7+ Kf6 35. Rxb7 Nxb4 36. Rxa7 h5 37. a4 Kf5 38. Rb7 Nd3 39. Rxb6 h4 40. a5 Nxf4 41. a6 Ne2+ 42. Kf2 Ng3 43. a7 Ne4+ 44. Kg1 Ng5 45. a8=Q Kf4 46. Rf6+ Ke3 47. Qd5 Ne4 48. Rf3+ Ke2 49. Qd3+ 1-0

[Event "Bullet Chess Winners 2024"]
[Site "chess.com INT"]
[Date "2024.06.12"]
[Round "4.20"]
[White "Naroditsky, D."]
[Black "Nakamura, Hi"]
[Result "1-0"]
[WhiteElo "2619"]
[BlackElo "2794"]
[PlyCount "141"]
[EventDate "2024.06.10"]
[EventType "k.o."]

1. Nf3 g6 2. g3 Bg7 3. Bg2 d6 4. O-O Bd7 5. Nc3 $146 ({RR} 5. d4 Qc8 6. Re1 Nf6 7. e4 Nc6 8. e5 dxe5 9. d5 Nb4 10. Nxe5 Bf5 11. Na3 O-O 12. c3 Na6 13. b4 Nb8 14. Bg5 Nbd7 15. Nec4 Nb6 16. Rxe7 Re8 17. d6 Rxe7 18. dxe7 Ne8 19. Nxb6 axb6 {Malmstig,E (2261)-Rahul,K (2156) Sweden 2016 ½-½ (44)}) ({RR} 5. c4 Qc8 6. Nc3 Nc6 7. d4 Bh3 8. Qa4 Bd7 9. d5 Ne5 10. Qb3 h5 11. h4 Ng4 12. c5 dxc5 13. Bf4 N8f6 14. Nb5 Nxd5 15. Ng5 e6 16. Bxd5 Bxb5 17. Bxe6 fxe6 18. Qxb5+ c6 19. Qxc5 e5 {Carlsen,M (2832)-Nakamura,H (2786) Chess.com INT 2018 1-0}) ({RR} 5. d4 Qc8 6. c4 Nc6 7. Nc3 Bh3 8. d5 Ne5 9. Nxe5 Bxe5 10. f4 Bxc3 11. bxc3 h5 12. Qd4 f6 13. e4 Bxg2 14. Kxg2 h4 15. f5 hxg3 16. hxg3 gxf5 17. exf5 Nh6 18. Rh1 Nf7 19. Rxh8+ Nxh8 {Hiwale,R (2093)-Maksimovic,B (2505) chess.com INT 2025 0-1 (68)}) ({RR} 5. e4 Qc8 6. Re1 Bh3 7. Bh1 c5 8. c3 Nc6 9. d3 Nf6 10. Na3 O-O 11. Nc4 h6 12. e5 dxe5 13. Nfxe5 Nxe5 14. Nxe5 Be6 15. Qe2 Bd5 16. Nf3 Rd8 17. Bf4 e6 18. Be5 b6 19. c4 Bc6 {Spata,G (2398)-Nakamura,H (2802) chess.com INT 2025 0-1}) 5... Qc8 6. Re1 Bh3 7. Bxh3 Qxh3 8. Ng5 Qd7 9. d4 Nf6 10. e4 h6 11. Nf3 e6 12. e5 Ng8 13. d5 dxe5 14. Nxe5 Bxe5 15. Rxe5 Ne7 16. dxe6 Qxd1+ 17. Nxd1 Nbc6 18. exf7+ Kxf7 19. Re1 Rad8 20. Bf4 Nd4 21. Re4 Nxc2 22. Rc1 c6 23. Nc3 Nd4 24. Kg2 Ne6 25. Rce1 Nxf4+ 26. Rxf4+ Ke8 27. Ne4 Rd3 28. Nc5 Rd5 29. Rfe4 Rh7 30. Nxb7 Kd7 31. b4 Nf5 32. Nc5+ Kc7 33. Re6 a5 34. a3 axb4 35. axb4 Kb6 36. Rxg6 Kb5 37. Ne6 Kxb4 38. Nf4 Rd2 39. Rxc6 Kb5 40. Rc8 Ka6 41. Rb1 Ka7 42. Rc5 Ne3+ 43. Kf3 Ra2 44. Kxe3 Re7+ 45. Kf3 Ra3+ 46. Kg2 Ra6 47. Rc2 Rd7 48. Rcb2 Rc7 49. Rd2 Rf7 50. Rdd1 Ra2 51. Ra1 Rxa1 52. Rxa1+ Kb6 53. Re1 Rf6 54. Re6+ Rxe6 55. Nxe6 Kc6 56. Nf4 Kd6 57. Kh3 Ke5 58. Kh4 Kf5 59. Kh5 Ke4 60. Kxh6 Kf3 61. Kg5 Kxf2 62. h4 Kf3 63. h5 Ke4 64. h6 Ke5 65. h7 Ke4 66. h8=Q Kf3 67. Ng6 Kxg3 68. Qc3+ Kf2 69. Kf4 Ke2 70. Qc2+ Ke1 71. Kf3 1-0

[Event "Bullet Chess Winners 2024"]
[Site "chess.com INT"]
[Date "2024.06.13"]
[Round "5.10"]
[White "Firouzja, Alireza"]
[Black "Nakamura, Hi"]
[Result "1-0"]
[WhiteElo "2737"]
[BlackElo "2794"]
[PlyCount "59"]
[EventDate "2024.06.10"]
[EventType "k.o."]

1. Nf3 g6 2. g3 Bg7 3. Bg2 d6 4. O-O Bd7 5. d4 Qc8 6. Nc3 ({RR} 6. e4 Nc6 7. c3 Bh3 8. Bf4 h5 9. Bxh3 Qxh3 10. Ng5 Qc8 11. h4 Nf6 12. Nd2 O-O 13. Re1 e6 14. a4 Qd7 15. a5 a6 16. Qb3 Rab8 17. Qa4 e5 18. dxe5 dxe5 19. Be3 Ng4 20. Rad1 Nxe3 {Shuvalova,P (2500)-Moroni,L (2545) chess.com INT 2025 0-1 (57)}) 6... Bh3 7. e4 Nc6 8. d5 $146 ({RR} 8. Be3 h5 9. Bxh3 Qxh3 10. Ng5 Qd7 11. h4 Nf6 12. f3 O-O 13. Kg2 e6 14. Qd2 Nh7 15. Nxh7 Kxh7 16. Rad1 Ne7 17. Bg5 b5 18. Rh1 b4 19. Ne2 a5 20. Qd3 f5 21. exf5 exf5 22. Nf4 Rae8 {Sviridov,V (2562)-Moroni,L (2575) Chess.com INT 2021 1-0 (38)}) 8... Ne5 9. Nxe5 Bxe5 10. Bf4 Bxf4 11. gxf4 Nf6 12. Qf3 Bxg2 13. Kxg2 Nh5 14. Ne2 c6 15. c4 cxd5 16. cxd5 Qc4 17. Ng3 Nf6 18. b3 Qb4 19. Rac1 O-O 20. e5 Nd7 21. Rc7 Rad8 22. e6 fxe6 23. dxe6 Ne5 24. Qxb7 Qxf4 25. Rxe7 Qh4 26. Rg7+ Kh8 27. e7 Ng4 28. exf8=Q+ Rxf8 29. h3 Ne5 30. Qe7 1-0

[Event "Bullet Chess Losers 2024"]
[Site "chess.com INT"]
[Date "2024.06.11"]
[Round "1.6"]
[White "Fedoseev, Vl3"]
[Black "Martinez Alcantara, Jose Eduardo"]
[Result "1-0"]
[WhiteElo "2685"]
[BlackElo "2612"]
[PlyCount "149"]
[EventDate "2024.06.11"]
[EventType "k.o."]

1. Nf3 c5 2. b3 Nf6 3. e3 g6 4. Bb2 Bg7 5. c4 O-O 6. Be2 b6 7. O-O Bb7 8. d4 cxd4 9. Nxd4 d6 10. Bf3 Qc8 11. Bxb7 Qxb7 12. Qf3 Qxf3 13. Nxf3 Nbd7 14. Rd1 $146 ({RR} 14. Nc3 Ne4 15. Rac1 Nxc3 16. Bxc3 Bxc3 17. Rxc3 Rfc8 18. Rfc1 Rc7 19. Nd4 a6 20. Kf1 Rac8 21. R3c2 e5 22. Ne2 d5 23. Nc3 Nf6 24. Na4 Rc6 25. c5 Nd7 26. Nxb6 Nxb6 27. cxb6 Rxc2 28. Rxc2 Rb8 {Harvey,M (2305)-Sarakauskas,G (2384) Solihull 2018 1-0 (35)}) 14... Rfc8 15. Nc3 a6 16. Rac1 Rab8 17. Nd4 Nc5 18. f3 Rb7 19. Kf2 Rbc7 20. g4 e6 21. h4 Ne8 22. Nde2 Nd7 23. Ba3 Rc6 24. Ne4 Nc5 25. N4g3 b5 26. Nd4 Bxd4 27. exd4 Nd7 28. d5 exd5 29. Rxd5 Nb6 30. Rd4 bxc4 31. Ne4 d5 32. Nd2 cxb3 33. Rxc6 Rxc6 34. axb3 Nc7 35. Bb4 Ne6 36. Rd3 d4 37. Ne4 Nd5 38. Bd2 f5 39. gxf5 gxf5 40. Ng5 Ndc7 41. Kg3 Rb6 42. Bf4 Nxg5 43. Bxc7 Rc6 44. hxg5 Rxc7 45. Rxd4 Rb7 46. b4 Rb5 47. f4 Kg7 48. Kh4 Rb7 49. Kh5 Rc7 50. Rd5 Rb7 51. Rxf5 Rxb4 52. Kg4 Rb5 53. Rf6 Ra5 54. Rc6 Ra1 55. f5 Kg8 56. Rc8+ Kg7 57. f6+ Kf7 58. Rc7+ Ke6 59. Re7+ Kd6 60. Rxh7 Rf1 61. Kh5 Ke6 62. Kg6 a5 63. Re7+ Kd6 64. Re8 Ra1 65. f7 Kc5 66. f8=Q+ Kc4 67. Qf7+ Kb4 68. Qf6 Ka4 69. Re4+ Kb3 70. Qxa1 Kc2 71. Qxa5 Kd3 72. Qd5+ Kc3 73. Rc4+ Kb3 74. Qb5+ Ka3 75. Ra4# 1-0

[Event "Bullet Chess Losers 2024"]
[Site "chess.com INT"]
[Date "2024.06.11"]
[Round "1.9"]
[White "Le Tuan Minh"]
[Black "Praggnanandhaa, R."]
[Result "1-0"]
[WhiteElo "2567"]
[BlackElo "2747"]
[PlyCount "61"]
[EventDate "2024.06.11"]
[EventType "k.o."]

1. Nf3 Nf6 2. b3 g6 3. Bb2 Bg7 4. e3 O-O 5. Be2 d6 6. O-O e5 7. c4 Re8 8. d4 e4 9. Nfd2 c6 10. Nc3 h5 11. Qc2 Bf5 12. Rae1 Nbd7 13. Qd1 $146 ({RR} 13. Ba3 Nf8 14. d5 cxd5 15. Nxd5 Nxd5 16. cxd5 Rc8 17. Qb1 Qa5 18. Bc1 Qxd5 19. Nc4 Qe6 20. Ba3 Red8 21. Rd1 d5 22. Nb2 Nd7 23. Na4 a6 24. Bb2 b5 25. Bxg7 Kxg7 26. Nb2 Ne5 27. a4 b4 {Doluhanova,E (2288)-Sadykov,R (2345) chess.com INT 2022 0-1 (32)}) 13... h4 14. f3 exf3 15. Bxf3 Nf8 16. e4 Be6 17. h3 N8h7 18. Be2 Ng5 19. Bd3 Nh5 20. Ne2 c5 21. Nf3 Nxf3+ 22. Rxf3 cxd4 23. Kh1 Qb6 24. Qd2 Be5 25. Qg5 Ng3+ 26. Nxg3 hxg3 27. Rxg3 Bxg3 28. Qxg3 Qc7 29. Bxd4 Qe7 30. Qf4 Rf8 31. Bf6 1-0

[Event "Bullet Chess Losers 2024"]
[Site "chess.com INT"]
[Date "2024.06.11"]
[Round "1.11"]
[White "Le Tuan Minh"]
[Black "Praggnanandhaa, R."]
[Result "1-0"]
[WhiteElo "2567"]
[BlackElo "2747"]
[PlyCount "67"]
[EventDate "2024.06.11"]
[EventType "k.o."]

1. Nf3 Nf6 2. b3 g6 3. Bb2 Bg7 4. e3 d6 5. Be2 O-O 6. d4 Nbd7 7. O-O Qe8 8. c4 e5 9. Nc3 e4 10. Nd2 Qe7 11. Qc2 Re8 12. Rae1 $146 ({RR} 12. b4 d5 13. Nxd5 Nxd5 14. cxd5 Nb6 15. a3 Nxd5 16. Rac1 h5 17. Bc4 c6 18. b5 Bf5 19. bxc6 bxc6 20. Ba6 Qg5 21. Kh1 Re6 22. Nc4 Rb8 23. Ne5 h4 24. h3 c5 25. Bc4 Rc6 26. Nxc6 {1-0 (26) Demchenko,Y (2201)-Gu Xiaobing (2148) chess.com INT 2025}) 12... Nf8 13. f3 exf3 14. Bxf3 h5 15. Nd5 Nxd5 16. cxd5 Nh7 17. e4 Ng5 18. Kh1 Nxf3 19. Nxf3 Bg4 20. e5 Qd7 21. Ng5 Bf5 22. Qc4 b5 23. Qc3 dxe5 24. dxe5 Qxd5 25. Rxf5 gxf5 26. Qh3 Bxe5 27. Qxf5 Bxb2 28. Qh7+ Kf8 29. Rf1 Bg7 30. Qxh5 Qf5 31. Nh7+ Qxh7 32. Qxh7 Re6 33. Qf5 Rf6 34. Qc5+ 1-0

[Event "Bullet Chess Losers 2024"]
[Site "chess.com INT"]
[Date "2024.06.11"]
[Round "1.13"]
[White "Le Tuan Minh"]
[Black "Praggnanandhaa, R."]
[Result "1-0"]
[WhiteElo "2567"]
[BlackElo "2747"]
[PlyCount "81"]
[EventDate "2024.06.11"]
[EventType "k.o."]

1. Nf3 Nf6 2. b3 g6 3. Bb2 Bg7 4. e3 d6 5. Be2 e5 6. d4 e4 7. Nfd2 O-O ({RR} 7... d5 8. c4 c6 9. Nc3 O-O 10. O-O h5 11. Rc1 a6 12. cxd5 cxd5 13. Na4 Bf5 14. Ba3 Re8 15. Qc2 Nbd7 16. Qc7 Rc8 17. Qxb7 Rxc1 18. Rxc1 a5 19. Ba6 h4 20. Qb5 h3 21. Rc8 Qxc8 22. Bxc8 {Wisniacki,F (2247)-Antunes,L (2045) chess.com INT 2024 1-0 (42)}) 8. c4 Re8 9. d5 $146 ({RR} 9. Nc3 Bf5 10. h3 g5 11. Qc2 Bg6 12. Nd5 Nxd5 13. cxd5 Nd7 14. Rc1 Rc8 15. a4 f5 16. O-O Nf6 17. Bc4 f4 18. g3 f3 19. Rfe1 Qe7 20. b4 Qf7 21. Qb3 Bf5 22. Bf1 Qh5 23. Qc4 Bxh3 {Kharbouch,M (2218)-Kamsky,G (2665) Europe Echecs INT 2020 0-1}) 9... Nbd7 10. O-O Nc5 11. Qc2 a5 12. a3 Bf5 13. b4 Nd3 14. Bxd3 exd3 15. Qc1 h5 16. Nc3 h4 17. Re1 h3 18. e4 Bd7 19. g3 Ng4 20. Nd1 f5 21. Bxg7 Kxg7 22. Qc3+ Qf6 23. f3 Ne5 24. f4 Ng4 25. bxa5 g5 26. fxg5 Qxc3 27. Nxc3 Rxa5 28. a4 Kg6 29. Rab1 b6 30. Nb3 Raa8 31. Nd4 fxe4 32. Nxe4 Rxa4 33. Nf6 Nxf6 34. gxf6 Kxf6 35. Rf1+ Ke5 36. Nf3+ Kf6 37. Ne1+ Kg7 38. Nxd3 Ra2 39. Nf4 Bg4 40. Rf2 Re5 41. Rxa2 1-0

[Event "Bullet Chess Losers 2024"]
[Site "chess.com INT"]
[Date "2024.06.11"]
[Round "2.1"]
[White "Firouzja, Alireza"]
[Black "Giri, A."]
[Result "1-0"]
[WhiteElo "2737"]
[BlackElo "2745"]
[PlyCount "139"]
[EventDate "2024.06.11"]
[EventType "k.o."]

1. Nf3 {Horn,Peter} d5 2. b3 Nf6 3. g3 Bg4 4. Bg2 Nbd7 5. Bb2 e6 6. h3 Bh5 7. d3 Bd6 8. Nbd2 O-O 9. O-O c6 10. e4 Be5 ({RR} 10... dxe4 11. dxe4 Be5 ({RR} 11... Bxf3 12. Qxf3 Be5 13. c3 b5 14. Qe2 Qb6 15. Kh2 Bd6 16. Rad1 e5 17. Nf3 Qc7 18. Rd2 Rfe8 19. Rfd1 Bf8 20. Ne1 a5 21. c4) 12. c3 Bc7 13. Ba3 Re8 14. Qc2 a5 ({RR} 14... e5) 15. Nd4 Qb8 ({RR} 15... e5 16. Nf5) 16. Rae1 ({RR} 16. f4 e5) ({RR} 16. Rfe1 Ra6) ({RR} 16. c4 Be5 17. Bb2 Qd6 18. N4f3 ({RR} 18. N2f3 Bxf3 19. Nxf3 Bxb2 20. Qxb2 Nxe4) 18... Bxb2 19. Qxb2 Bxf3 20. Bxf3 e5) ({RR} 16. Rac1 Ra6 17. c4) 16... a4 ({RR} 16... Bg6) ({RR} 16... Ra6 17. c4 b5 18. cxb5 cxb5 19. Nc6 ({RR} 19. Rc1 Bd6 20. Bb2 ({RR} 20. Nc6 Rxc6 21. Qxc6 Bxa3) 20... Qb6 21. Nc6 e5 22. Rfe1 ({RR} 22. Qd3 Bc5) 22... Kh8 ({RR} 22... Nc5 23. Bxe5 Qxc6 24. Bxd6 Qxd6 25. e5 Bg6 26. Qxc5 Qxd2 27. Red1 Qxa2 28. Qxb5 Rae6 29. exf6)) 19... Qb6 20. Rc1 ({RR} 20. Ne7+ Kh8) 20... Bxg3 ({RR} 20... b4 21. Bb2 Be2 22. Nc4 Bxc4 23. Qxc4 Bxg3 24. Bd4 Qxc6 25. Qxc6 Rxc6 26. Rxc6) 21. Ne7+ Rxe7 ({RR} 21... Kh8 22. Nc8) 22. Bxe7 h6 23. Qc8+ Kh7 24. e5 Bxe5 ({RR} 24... Nxe5 25. Bc5) 25. Rc6 Qd4 26. Qxa6 Qxd2) 17. b4 Bg6 18. c4 Qa7 19. c5 Rad8 20. b5 Be5 21. b6 ({RR} 21. bxc6 Bxd4 22. cxd7 Nxd7) ({RR} 21. N2f3) 21... Qa6 22. N4f3 Bb8 23. Rb1 ({RR} 23. Nh4 Ne5) 23... Ne5 24. Nxe5 ({RR} 24. Rb4 Qd3 25. Qxd3 Rxd3 26. Rxa4 Nxf3+ 27. Nxf3 Bxe4 28. Ne1 Bxg2) 24... Bxe5 25. Nc4 {Akopian,V (2655)-Beliavsky,A (2650) Linares 1995 CBM 046 [Horn,Peter] 0-1 (41)} ({RR} 25. Rb4 Qe2 ({RR} 25... Qd3))) ({RR} 10... e5) ({RR} 10... dxe4 11. dxe4 Be5 12. c3 Bc7 13. Qc2 Qb8 14. Rfe1 Rd8 15. b4 a5 16. a3 Qa7 17. g4 Bg6 18. c4 Qb8 19. Qc3 Bf4 20. Rad1 axb4 21. axb4 e5 22. Nh4 Nb6 23. Nxg6 hxg6 24. Nb3 Ra2 25. Bc1 {Fuentes,F (2253)-Miranda Mesa,E (2472) Havana CUB 2024 ½-½ (49)}) 11. d4 Bc7 12. e5 $146 ({RR} 12. Qe2 dxe4 13. Nxe4 Re8 14. Rfe1 Nxe4 15. Qxe4 Ba5 16. c3 {½-½ (16) Matsuura,E (2488)-Supi,L (2313) Mogi das Cruzes 2013}) 12... Ne4 13. Re1 Nxd2 14. Qxd2 c5 15. c3 Bxf3 16. Bxf3 cxd4 17. cxd4 Ba5 18. b4 Bb6 19. a4 a5 20. b5 Re8 21. Kg2 Rc8 22. Be2 Nf8 23. Bd3 Qd7 24. h4 Bd8 25. h5 b6 26. h6 g6 27. Ba3 Be7 28. Qf4 Rc7 29. Re3 Rec8 30. Rf3 Qe8 31. Bd6 Rc3 32. Re1 Nd7 33. Ree3 Rc1 34. Qg4 Qf8 35. Bxe7 Qxe7 36. Rf4 Ra1 37. Qe2 Rcc1 38. Qd2 Qg5 39. Rh4 Rg1+ 40. Kf3 f5 41. Re2 Qe7 42. Qc3 Rgc1 43. Rc2 Rxc2 44. Qxc2 Nf8 45. Kg2 g5 46. Rh1 Rxh1 47. Kxh1 Qb4 48. Kg2 Qxd4 49. Bxf5 exf5 50. Qxf5 Qe4+ 51. Qxe4 dxe4 52. f3 exf3+ 53. Kxf3 Kf7 54. Ke4 Ke6 55. Kf3 Nd7 56. Kg4 Nxe5+ 57. Kxg5 Nf7+ 58. Kf4 Nxh6 59. Kg5 Nf7+ 60. Kf4 Kf6 61. g4 Ng5 62. Ke3 h6 63. Kf2 Ne6 64. Ke3 Kg5 65. Kf3 Nd4+ 66. Ke3 Nb3 67. Ke4 Nc5+ 68. Kd5 Nxa4 69. Kc6 Nc3 70. Kd6 1-0